Compendio de didáctica general

Shranjeno v:
Bibliografske podrobnosti
Glavni avtor: Sánchez Huete, Juan Carlos (coordinador)
Format: Neznan
Jezik:angleščina
Izdano: Madrid, España: CCS, 2008
Teme:
Oznake: Označite
Brez oznak, prvi označite!

MARC

LEADER 00000 a2200000 4500
003 CL-VaPUC
005 20211215120618.0
008 201124b ||||| |||| 00| 0 eng d
999 |c 431779  |d 431777 
020 |a 9788498422597 
040 |c Pontificia Universidad Católica de Valparaíso 
082 |a 370.11 SAN 2008 
100 |a Sánchez Huete, Juan Carlos  |9 856810  |e coordinador 
245 |a Compendio de didáctica general 
260 |a Madrid, España:   |b CCS,  |c 2008 
300 |a 606 páginas  
583 |k Cristina Rojas  |c 20201124 
650 |a Didáctica   |x Educación   |9 858355 
650 |a Aprendizaje   |x Educación   |9 858356 
852 |a BIBCUR 
942 |2 ddc  |c BK 
952 |0 0  |1 0  |2 ddc  |4 0  |6 370_110000000000000_SAN_2008  |7 0  |8 A  |9 576996  |a BIBTEO  |b BIBTEO  |d 2020-11-24  |e 3  |g 35346.00  |i 5578329  |l 1  |o 370.11 SAN 2008  |p 5578329  |r 2025-01-17  |s 2020-11-26  |t 1  |v 35346.00  |w 2020-11-24  |y BK  |k ICR